| 000 | 00722cas a22002175a 4500 | ||
|---|---|---|---|
| 001 | ##L133985 | ||
| 008 | 060627d19881995xxkbr p 0 a0eng u | ||
| 035 | _a(Sirsi) u133985 | ||
| 041 | 0 | _aeng | |
| 110 | 2 |
_aRoyal Institution of Chartered Surveyors _bBuilding Conservation Group _94497 |
|
| 240 | 1 | _aConservation Briefing | |
| 245 | 0 | 0 | _aBuilding Conservation Newsletter |
| 260 | 2 |
_aLondon _bRICS _c1988-1995 |
|
| 362 | 0 | _a(2) Autumn 1988-(12) Summer 1995 | |
| 362 | 0 | _a(3) Winter 1989-(12) Summer 1995 | |
| 554 | _aTwo per year | ||
| 651 | 4 |
_aUnited Kingdom _y |
|
| 690 | _aBUILT ENVIRONMENT-BUILDING MAINTENANCE AND REFURBISHMENT-BUILDING CONSERVATION | ||
| 785 | 0 | 0 | _tBuilding Conservation Journal |
| 942 | _n0 | ||
| 999 |
_c118860 _d118860 |
||